Asp .Net Developer's Guide. (Record no. 3867)
[ view plain ]
| 000 -LEADER | |
|---|---|
| fixed length control field | 00410nam a2200145 a 4500 |
| 020 ## - INTERNATIONAL STANDARD BOOK NUMBER | |
| ISBN | 0070499179 (paperback) |
| 020 ## - INTERNATIONAL STANDARD BOOK NUMBER | |
| ISBN | 9780070499171 (paperback) |
| 082 ## - DEWEY DECIMAL CLASSIFICATION NUMBER | |
| Classification number | 004.678BUC |
| 100 ## - MAIN ENTRY--AUTHOR NAME | |
| Personal name | Buczek, Greg |
| 245 00 - TITLE STATEMENT | |
| Title | Asp .Net Developer's Guide. |
| 260 ## - PUBLICATION, DISTRIBUTION, ETC. (IMPRINT) | |
| Place of publication | New Delhi |
| Name of publisher | Tata McGraw Hill |
| Year of publication | 2002. |
| 650 ## - SUBJECT ADDED ENTRY--TOPICAL TERM | |
| Topical Term | ASP Net |
| 856 40 - ELECTRONIC LOCATION AND ACCESS | |
| Uniform Resource Identifier | http://www.amazon.com/exec/obidos/ASIN/0070499179/chopaconline-20 |
| 942 ## - ADDED ENTRY ELEMENTS (KOHA) | |
| Koha item type | Books |
| Withdrawn status | Lost status | Home library | Current library | Date acquired | Full call number | Accession Number | Koha item type | Collection code | Shelving location |
|---|---|---|---|---|---|---|---|---|---|
| Central Library, QUEST, Nawabshah | Central Library, QUEST, Nawabshah | 21/05/2014 | 004.678BUC | 27259 | Books | ||||
| Lost and Paid For | Central Library, QUEST, Nawabshah | Central Library, QUEST, Nawabshah | 21/05/2014 | 004.678BUC | 27262 | Books | |||
| Reference Section | Reference Section | 21/05/2014 | 005.276 BUC (Shelf - 09D) | 27260 | Books | Reference | Reference | ||
| Reference Section | Reference Section | 21/05/2014 | 005.276 BUC (Shelf - 09D) | 27261 | Books | Reference | Reference |